Юридическая природа органических законов (Запись № 766926)

Подробности
000 -МАРКЕР
контрольное поле 02426nam0a2200445 4500
001 - ИДЕНТИФИКАТОР ЗАПИСИ
контрольное поле RU\NLR\bibl\1045024
005 - ИДЕНТИФИКАТОР ВЕРСИИ
контрольное поле 20260405124428.0
010 ## - МЕЖДУНАРОДНЫЙ СТАНДАРТНЫЙ НОМЕР КНИГИ (ISBN)
Номер (ISBN) 5-93002-139-2
Тираж 500
021 ## - НОМЕР ГОСУДАРСТВЕННОЙ РЕГИСТРАЦИИ
Код страны Российская Федерация
Номер 2006-85558
Номер Листа государственной регистраци 4337
035 ## - ДРУГИЕ СИСТЕМНЫЕ НОМЕРА
Идентификатор записи (nilc)RSL-KNO-003016040
035 ## - ДРУГИЕ СИСТЕМНЫЕ НОМЕРА
Идентификатор записи (NLR Aleph) 001032397
100 ## - ДАННЫЕ ОБЩЕЙ ОБРАБОТКИ
Данные общей обработки 20061226d2006 |||y0rusy50 ca
101 0# - ЯЗЫК РЕСУРСА
Язык текста, звукозаписи и т.д. русский
-- английский
-- немецкий
-- французский
102 ## - СТРАНА ПУБЛИКАЦИИ ИЛИ ПРОИЗВОДСТВА
Страна публикации Российская Федерация
105 ## - ПОЛЕ КОДИРОВАННЫХ ДАННЫХ: ТЕКСТОВЫЕ МАТЕРИАЛЫ, МОНОГРАФИЧЕСКИЕ
Кодированные данные о монографическом текстовом документе y zzzz|||||
106 ## - ПОЛЕ КОДИРОВАННЫХ ДАННЫХ: ТЕКСТОВЫЕ РЕСУРСЫ – ФОРМА
Форма ресурса: кодированные данные: обозначение носителя r
200 1# - ЗАГЛАВИЕ И СВЕДЕНИЯ ОБ ОТВЕТСТВЕННОСТИ
Основное заглавие Юридическая природа органических законов
Параллельное заглавие Juridical nature of organic laws
Язык параллельного заглавия английский
Параллельное заглавие Juristische Natur der organischen Gesetze
Язык параллельного заглавия немецкий
Сведения, относящиеся к заглавию монография
Первые сведения об ответственности Д. В. Васильев
Последующие сведения об ответственности М-во образования и науки Российской Федерации, Международный ун-т бизнеса и новых технологий (ин-т)
210 ## - ПУБЛИКАЦИЯ, РАСПРОСТРАНЕНИЕ И ДР.
Место издания, распространения и т.д. Ярославль
Имя издателя, распространителя и т. д. РИЦ МУБиНТ
Дата издания, распространения и т.д. 2006
215 ## - ФИЗИЧЕСКАЯ ХАРАКТЕРИСТИКА
Специфическое обозначение материала и объем 151 с.
Размеры 20
300 ## - ОБЩИЕ ПРИМЕЧАНИЯ
Текст примечания Парал. загл. также на фр. яз.
300 ## - ОБЩИЕ ПРИМЕЧАНИЯ
Текст примечания Авт. также на англ. яз.: D. Vasiliev, на нем. яз.: D Wasiljew, на фр. яз.: D. Vaciliev
300 ## - ОБЩИЕ ПРИМЕЧАНИЯ
Текст примечания На 4-й с. обл. авт.: Васильев Д.В., к.ю.н., доц.
300 ## - ОБЩИЕ ПРИМЕЧАНИЯ
Текст примечания Предисл. парал. на рус., англ., нем., фр. яз.
320 ## - ПРИМЕЧАНИЯ О НАЛИЧИИ В ДОКУМЕНТЕ БИБЛИОГРАФИИ / УКАЗАТЕЛЯ
Текст примечания Библиогр.: с. 131-151 (317 назв. )
510 0# - ПАРАЛЛЕЛЬНОЕ ЗАГЛАВИЕ
Связь между полями z45790
Параллельное заглавие Juridical nature of organic laws
510 0# - ПАРАЛЛЕЛЬНОЕ ЗАГЛАВИЕ
Связь между полями z54790
Параллельное заглавие Juristische Natur der organischen Gesetze
606 1# - НАИМЕНОВАНИЕ ТЕМЫ КАК ПРЕДМЕТ
Наименование темы Право
Тематический подзаголовок Теория
Системный номер авторитетной/нормативной записи 1132203
Идентификатор авторитетной/нормативной записи RU\NLR\auth\66130636
610 0# - НЕКОНТРОЛИРУЕМЫЕ ПРЕДМЕТНЫЕ ТЕРМИНЫ
Предметный термин Государство и право. Юридические науки -- Общая теория государства и права -- Теория права -- Формы (источники) права
686 ## - ИНДЕКСЫ ДРУГИХ КЛАССИФИКАЦИЙ
Индекс Х062.03,0
Код системы
686 ## - ИНДЕКСЫ ДРУГИХ КЛАССИФИКАЦИЙ
Индекс Х0
700 #1 - ИМЯ ЛИЦА - ПЕРВИЧНАЯ ОТВЕТСТВЕННОСТЬ
Код отношения Автор
Материалы, к которым относится поле rus
Графика поля Кириллица
Начальный элемент ввода Васильев
Часть имени, кроме начального элемента ввода Д. В.
Дополнения к именам, кроме дат канд. юрид. наук
Расширение инициалов личного имени Денис Валентинович
Идентификатор авторитетной/нормативной записи RU\NLR\auth\7749879
Системный номер авторитетной/нормативной записи 32814
790 #1 - ИМЯ ЛИЦА - АЛЬТЕРНАТИВНАЯ ФОРМА
Код отношения Автор
Материалы, к которым относится поле rus
Графика поля Латинская
Начальный элемент ввода Vasil'ev
Часть имени, кроме начального элемента ввода D. V.
Дополнения к именам, кроме дат канд. юрид. наук
Расширение инициалов личного имени Denis Valentinovič
Идентификатор авторитетной/нормативной записи RU\NLR\auth\7749881
Системный номер авторитетной/нормативной записи 32816
790 #1 - ИМЯ ЛИЦА - АЛЬТЕРНАТИВНАЯ ФОРМА
Код отношения Автор
Материалы, к которым относится поле rus
Графика поля Латинская
Начальный элемент ввода Vasil'ev
Часть имени, кроме начального элемента ввода D. V.
Дополнения к именам, кроме дат канд. юрид. наук
Расширение инициалов личного имени Denis Valentinovič
Идентификатор авторитетной/нормативной записи RU\NLR\auth\7749881
Системный номер авторитетной/нормативной записи 32816
801 #0 - ИСТОЧНИК ЗАПИСИ
Страна Российская Федерация
Организация РКП
Дата составления 20061226
801 #1 - ИСТОЧНИК ЗАПИСИ
Страна Российская Федерация
Организация РГБ
Дата составления 20061226
801 #2 - ИСТОЧНИК ЗАПИСИ
Страна Российская Федерация
Организация NLR
Дата составления 20070213
Правила каталогизации rcr
942 ## - ДОПОЛНИТЕЛЬНЫЕ ЭЛЕМЕНТЫ ЗАПИСИ (АБИС)
Тип экземпляра АБИС Книга
980 ## - КОЛЛЕКЦИЯ
Название коллекции Национальная библиография
Экземпляры
Тип экземпляра Дата поступления Источник поступления Библиотека постоянного хранения Библиотека текущего хранения Место хранения Шифр хранения Штрих-код Статус экземпляра
Книга 13.02.2007 Обязательный экземпляр РНБ (Московский) РНБ (Московский) Русский книжный фонд: издания с 1957 года 2007-3/4566 1-590120  
Книга 13.02.2007 Обязательный экземпляр РНБ (Московский) РНБ (Московский) Русский книжный фонд: издания с 1957 года 2007-3/4566 2362639